| 000 | 00674cam a22002293a 4500 | ||
|---|---|---|---|
| 001 | 30418 | ||
| 003 | PGUSA | ||
| 005 | 20140828083646.0 | ||
| 008 | 091107s2009||||xxu|||||s|||||000 | eng d | ||
| 040 |
_aPGUSA _beng |
||
| 042 | _adc | ||
| 050 | 4 | _aPZ | |
| 245 | 1 | 0 |
_aTraditional Nursery Songs of England : _bWith Pictures by Eminent Modern Artists _h[electronic resource] |
| 260 |
_bProject Gutenberg, _c2009 |
||
| 506 | _aPublic domain in the USA. | ||
| 516 | _aElectronic text | ||
| 653 | _aNursery rhymes, English | ||
| 700 | 1 |
_aCole, Henry, _cSir, _d1808-1882 |
|
| 830 | 0 |
_aProject Gutenberg _v30418 |
|
| 856 | 4 | 0 | _uhttp://www.gutenberg.org/ebooks/30418 |
| 942 | _cEB | ||
| 999 |
_c259673 _d259673 |
||